书目信息 |
| 题名: |
电机实验与实践
|
|
| 作者: | 付家才 , 付家才 主编 | |
| 分册: | ||
| 出版信息: | 北京 高等教育出版社 2004.07 |
|
| 页数: | 333页 | |
| 开本: | 23cm | |
| 丛书名: | 电类实验与实践系列教材 | |
| 单 册: | ||
| 中图分类: | TM3 | |
| 科图分类: | ||
| 主题词: | 电机--Dian Ji--实验--高等学校--教材 | |
| 电子资源: | ||
| ISBN: | 7-04-014555-3 | |
| 000 | 01111nam 2200301 450 | |
| 001 | CAL 012004080523 | |
| 005 | 20050701091156.83 | |
| 010 | @a7-04-014555-3@dCNY 27.20 | |
| 099 | @aCAL 012004080523 | |
| 100 | @a20040726d2004 ekmy0chiy0121 ea | |
| 101 | 0 | @achi |
| 102 | @aCN@b110000 | |
| 105 | @aak a 000yy | |
| 200 | 1 | @a电机实验与实践@ADian Ji Shi Yan Yu Shi Jian@f付家才主编@Ffu jia cai zhu bian |
| 210 | @a北京@c高等教育出版社@d2004.07 | |
| 215 | @a333页@c图@d23cm | |
| 225 | 2 | @a电类实验与实践系列教材@ADian Lei Shi Yan Yu Shi Jian Xi Lie Jiao Cai |
| 300 | @a教育科学“十五”国家规划课题研究成果 | |
| 320 | @a有书目 (第333页) | |
| 330 | @a本书从实验、实践教学角度出发,介绍了电机实验、电动机和变压器的维修技术,以三相异步电动机和变压器的重绕、嵌线等修理过程为主线,突出工艺要领和操作技能,强调理论与实践相结合。 | |
| 410 | 0 | @12001 @a电类实验与实践系列教材 |
| 606 | 0 | @a电机@ADian Ji@x实验@x高等学校@j教材 |
| 690 | @aTM3@v4 | |
| 701 | 0 | @a付家才@AFu Jia Cai@4主编 |
| 701 | 0 | @a付家才@Afu jia cai@4主编 |
| 801 | 0 | @aCN@bNMU@c20050701 |
| 905 | @a10447@dTM3@eF8301 | |
| 998 | @aNMU | |
| 电机实验与实践/付家才主编.-北京:高等教育出版社,2004.07 |
| 333页:图;23cm.-(电类实验与实践系列教材) |
| 教育科学“十五”国家规划课题研究成果 |
| ISBN 7-04-014555-3:CNY 27.20 |
| 本书从实验、实践教学角度出发,介绍了电机实验、电动机和变压器的维修技术,以三相异步电动机和变压器的重绕、嵌线等修理过程为主线,突出工艺要领和操作技能,强调理论与实践相结合。 |
| ● |
| 相关链接 |
|
|
|
正题名:电机实验与实践
索取号:TM3/F8301
 
预约/预借
| 序号 | 登录号 | 条形码 | 馆藏地/架位号 | 状态 | 备注 |
| 1 | 538217 | 205382174 | 自科库301/301自科库 10排3列1层/ [索取号:TM3/F8301] | 在馆 | |
| 2 | 538218 | 205382183 | 自科库301/301自科库 10排3列1层/ [索取号:TM3/F8301] | 在馆 | |
| 3 | 538219 | 205382192 | 自科二线404/301自科库 7排3列3层/ [索取号:TM3/F8301] | 在馆 |